Personnages Miraculous - Statistiques

Statistiques générales
  • Ce quiz a été pris 47 fois
  • Le résultat moyen est 13 sur 257
Statistiques - réponses
Hint Réponse % Correct
Adrien Agreste
69%
Marinette Dupain-Cheng
51%
Alya Césaire
49%
G Gabriel Agreste
49%
Ladybug
43%
Tom Dupain
43%
Chloé Bourgeois
37%
S Sabine Cheng
34%
Nino Lahiffe
31%
André
29%
Luka Couffaine
29%
Nathalie Sancœur
26%
Zoé Lee
26%
André Bourgeois
23%
Audrey Bourgeois
23%
É Émilie Agreste
20%
Juleka Couffaine
20%
Alix Kubdel
17%
Aurore Beauréal
17%
Jagged Stone
17%
Max Kanté
17%
Noël Lahiffe
17%
Plagg
17%
Roland Dupain
17%
Rose Lavillant
17%
Tikki
17%
Anarka Couffaine
14%
Caline Bustier
14%
Félix Fathom
14%
Kagami Tsurugi
14%
Nora Césaire
14%
Alim Kubdel
11%
Claudie Kanté
11%
Denis Damoclès
11%
Ella Césaire
11%
Etta Césaire
11%
Ivan Bruel
11%
Kim Chiê'n Lê
11%
Manon Chamack
11%
Pollen
11%
Trixx
11%
Wang Fu
11%
Wayzz
11%
Aglaé
9%
Alec Cataldi
9%
Amélie Graham de Vanily
9%
Armand d'Argencourt
9%
Bob Roth
9%
Cerise Bianca
9%
Jalil Kubdel
9%
Mireille Caquet
9%
N Nadja Chamack
9%
Nooroo
9%
Otis Césaire
9%
Roger Raincomprix
9%
Sabrina Raincomprix
9%
Sass
9%
Tomoe Tsurugi
9%
W Wang Cheng
9%
XY
9%
Clara Contard
6%
Colt Fathom
6%
Emil Graham de Vanily
6%
F Fang
6%
Fei Wu
6%
Fred Haprèle
6%
Ginna Bianchi
6%
Harry Clown
6%
Jessica Keynes
6%
Marc Anciel
6%
Millie Graham de Vanily
6%
Mylène Haprèle
6%
Olga Mendeleiev
6%
Ondine
6%
Penny Rolling
6%
Placide I.T.
6%
Anne-Jeanne Théoxanne du Bocquale
3%
Aton Kurtzberg
3%
Auguste
3%
Clara Rossignol
3%
D Daizzi
3%
Diane
3%
Duusu
3%
Fluff
3%
Gabrielle Grassette
3%
Gisèle
3%
Harmonie
3%
Josiane
3%
Marlena Césaire
3%
Mullo
3%
Nathaniel Kurtzberg
3%
Père Noël
3%
Prince Ali
3%
Ray
3%
Shirel Kurtzberg
3%
Sublime Varlette
3%
Su-Han
3%
Véronique
3%
V Vincent
3%
Vincent Asa
3%
X Xavier Ramier
3%
Xuppu
3%
Z Ziggy
3%
A Ada
0%
Adolescente Parisienne
0%
Adolescent Shanghaïen
0%
Adrien Agreste (Reverse)
0%
Adrien Agreste (Univers 4)
0%
Aeon
0%
Agent Blue
0%
Agent Red
0%
Agent Yellow
0%
Akhenaton
0%
Akuma
0%
Albert
0%
Alya Césaire (Reverse)
0%
Alya Césaire (Univers 3)
0%
Arlette
0%
B Banana Boum-Boum
0%
Barbara Keynes
0%
Barkk
0%
Bastille
0%
Bertrand Roi
0%
Bijoutière de Shanghai
0%
C Cadreur d'Alec
0%
Camilla Hombee
0%
Camilo Pista
0%
Capitaine Hessenpy
0%
Caroline
0%
Cash
0%
Charlotte (Souris)
0%
Chat de Mme Michel
0%
Chauffeur de Bob
0%
Chauffeur de Taxi
0%
Chauffeuse de Taxi
0%
Chef de bord
0%
Chris
0%
Conducteur de bus
0%
Contrôleur
0%
Culpabysse
0%
Dean Gate
0%
Delmar
0%
Didier
0%
Docteure
0%
E Edgar
0%
Emmanuel Anciel
0%
Employé de Bertrand Roi
0%
Fils de Mme Michel
0%
Fleuriste
0%
Gabriel Agreste (Reverse)
0%
Garçon Inconnu
0%
Gilbert
0%
Gimmi
0%
Gine Jinet
0%
Grenouille
0%
H Hack-San
0%
Hot Dog Dan
0%
Hou Hou
0%
Hu Hu
0%
I Infirmière Scolaire
0%
J Jacques Grimault
0%
Jeanne d'Arc
0%
Jean-Pierre Montataing
0%
Jean Tretiens
0%
Jiao
0%
Johnny Grassette
0%
K Kaalki
0%
Kamiko
0%
Kang
0%
Kouki
0%
Kuro Neko
0%
L La Lune Rouge
0%
Le Suprême
0%
Lian Chung
0%
Liiri
0%
Longg
0%
Long Long
0%
Maître Nageur Sauveteur
0%
Majordome Armand
0%
Mama
0%
Marguerite (Souris)
0%
Marianne Lenoir
0%
Marie-Louise (Souris)
0%
Marinette Dupain-Cheng (Reverse)
0%
Marinette Dupain-Cheng (Univers 3)
0%
Marinette Dupain-Cheng (Univers 4)
0%
Markov
0%
Maxkov
0%
Maya
0%
M M. Banane
0%
Mei Chang
0%
Mei Shi
0%
Mercury
0%
Mère d'Auguste
0%
Mère de Quentin
0%
Mike Rochip
0%
Miraculisés
0%
Miss Rose
0%
Mme Anciel
0%
Mme Michel
0%
Monk
0%
O Odile
0%
Olympia Hill
0%
Optigami
0%
Orriko
0%
P Papillon Géant
0%
Parisien handicapé
0%
Père de Grenouille
0%
Père de Maya
0%
Pharmacienne
0%
Pigeons
0%
Plagg (Reverse)
0%
Portier
0%
Poupéfleckta
0%
Premier Sbire de Cash
0%
Présentatrice TV News SH
0%
Professeur de Grec Ancien
0%
Q Quentin
0%
R Raoul Bruel
0%
Renlings
0%
Réplique
0%
Roarr
0%
Russel T. Willis
0%
Rythm
0%
Sangsure
0%
Sarah
0%
Sculpteur de jouets
0%
Seconde Mère de Lila
0%
Second Sbire de Cash
0%
Sentialec
0%
Sentibulleur
0%
Sentigabriel
0%
Sentimonstre Dormant
0%
Sentimonstre Robostus
0%
Sentinino
0%
Séverin Varlette
0%
Shanghaien Agé
0%
Shanghaien Inconnu
0%
She She
0%
Shu Yin Cheng
0%
Snowflake
0%
Socqueline Wang
0%
Sophie
0%
Soraya Khan
0%
Stompp
0%
Sucette Boy
0%
T Tang Tang
0%
Théo Barbot
0%
Thomas Astruc
0%
Troisième Sbire de Cash
0%
Vivica
0%
Wayhem
0%
Wu Shifu
0%
Xiong Xiong
0%
Y Yan Cheng
0%
Ying Ying
0%
Zoé Lee (Univers 3)
0%
Aucun quiz correspondant
Distribution des résultats
% des personnes avec chaque résultat
Percentile par nombre de réponses
Votre historique - résultats
Vous n’avez pas pris ce quiz